Maya Cities Map Quiz - Statistics

General Stats
  • This quiz has been taken 142 times
  • The average score is 5 of 12
Answers on the Map
Answers color-coded by a green-red scale on the quiz's map according to % correct below.
 
Answer Stats
Answer % Correct
Chichen Itza
73%
Tikal
64%
Tulum
55%
Copán
49%
Palenque
47%
Calakmul
36%
Uxmal
36%
Mayapan
32%
Caracol
29%
Kaminaljuyu
27%
El Mirador
26%
Yaxchilan
23%
No matching quizzes found
Score Distribution
Percent of People with Each Score
Percentile by Number Answered
Your Score History
You have not taken this quiz